Měnící se role tripartity

Ženeva jún 1996 - konferencia Medzinárodnej organizácie práce (ILO) - problematika tripartitnej spolupráce na národnej úrovni. Zmeny v súčasnom svete (ekonomické, technologické a sociálne zmeny) a ich vplyv na tripartitnú spoluprácu - obmedzovanie tejto spolupráce. Náročnosť tripartitnej spolupráce...

Descripción completa

Guardado en:
Detalles Bibliográficos
Autor principal: Drabeš, Zdeněk
Formato: Capítulo de libro
Lenguaje:checo
Materias:
Etiquetas: Agregar Etiqueta
Sin Etiquetas, Sea el primero en etiquetar este registro!

MARC

LEADER 00000naa a2200000 4500
001 r021393
005 20230920092017.4
041 0 |a cze 
044 |a CZ 
245 1 0 |a Měnící se role tripartity  |c Zdeněk Drabeš 
520 |a Ženeva jún 1996 - konferencia Medzinárodnej organizácie práce (ILO) - problematika tripartitnej spolupráce na národnej úrovni. Zmeny v súčasnom svete (ekonomické, technologické a sociálne zmeny) a ich vplyv na tripartitnú spoluprácu - obmedzovanie tejto spolupráce. Náročnosť tripartitnej spolupráce v podmienkach nestability a ekonomických ťažkostí. Hlavné ciele tripartitných konzultácií v súčasnosti - problém udržania alebo znovudosiahnutia konkurenčnej schopnosti podnikov. 
610 2 0 |a tripartita 
610 2 0 |a MOP 
610 2 0 |a konferencie 
610 2 0 |a Ženeva 
610 2 0 |a 1996 
610 2 0 |a podnik 
610 2 0 |a konkurencieschopnosť 
100 1 |a Drabeš, Zdeněk